|
|
|
|
| LEADER |
00000nab a2200000 a 4500 |
| 001 |
vtls010483848 |
| 003 |
SK-MaSNL |
| 005 |
20260303214130.0 |
| 008 |
140302c2012 xo sr|p|||n |000 b|slo |
| 015 |
|
|
|a SNBRB2013/01
|
| 038 |
|
|
|a SPK
|
| 040 |
|
|
|a SPKCL
|b slo
|c AACR2
|e AACR2
|
| 041 |
0 |
|
|a slo
|
| 044 |
|
|
|a xo
|c SK
|
| 072 |
|
7 |
|a 62
|x Technika všeobecne
|2 konspekt
|
| 072 |
|
7 |
|a 373.2/.3
|x Predškolská a primárna výchova a vzdelávanie
|2 konspekt
|
| 080 |
|
|
|a 37.0:62
|2 2001
|
| 080 |
|
|
|a 373.3
|2 2001
|
| 100 |
1 |
|
|a Žáčok, Ľubomír,
|d 1975-
|4 aut
|9 217794
|
| 245 |
1 |
0 |
|a Súčasný stav technického vzdelávania v základných školách
|c Ľubomír Žáčok
|
| 300 |
|
|
|b Fotogr.
|
| 504 |
|
|
|a Bibliogr. odkazy
|
| 650 |
0 |
7 |
|a technické vzdelávanie
|2 snkbucl
|9 65924
|
| 650 |
0 |
7 |
|a obsah vzdelávania
|2 snkbucl
|9 1038968
|
| 650 |
0 |
7 |
|a kľúčové kompetencie
|2 snkbucl
|9 67544
|
| 650 |
0 |
7 |
|a základné školy
|2 snkbucl
|9 1280
|
| 773 |
0 |
|
|t Učiteľské noviny
|g Roč. LIX, č. 8 (2012), s. 15
|x 0139-5769
|
| 852 |
|
|
|a SPK
|b KIS3GCP
|
| 856 |
4 |
1 |
|u www.ucitelskenoviny.eu
|
| 958 |
|
|
|a NB
|2 snkbucl
|
| 999 |
|
|
|c 2215549
|d 2217479
|